Quiz o Łowiczu - Statystyki

Ogólne statystyki
  • Ten quiz został rozwiązany 48 razy
  • Średni wynik to 4 z 8
Statystyki odpowiedzi
Hint Odpowiedź % Poprawnych
Województwo, gdzie leży Łowicz Łódzkie
97%
Tablice rejestracyjne ELC
90%
Ludność (w tysiącach) 26
63%
Burmistrz Mariusz Siewiera
63%
Strefa numeracyjna 46
27%
Powierzchnia 23,42
7%
Rzeczy, które mają taką samą nazwę co miasto Dżem, ser
7%
Prawa miejskie Przed 1298
7%
Nie znaleziono quizów pasujących do podanych kryteriów
Rozkład punktacji
Procent ludzi z każdym wynikiem
Percentyl według liczby udzielonych odpowiedzi
Twoja historia wyników
Nie rozwiązałeś tego quizu